Petrologic and structural studies in the northwestern Sierra Nevada, California (Record no. 532142)

MARC details
000 -LEADER
fixed length control field 01446nam a2200337 a 4500
001 - CONTROL NUMBER
control field vtls001229288
003 - CONTROL NUMBER IDENTIFIER
control field NLI
005 - DATE AND TIME OF LATEST TRANSACTION
control field 20241220132907.0
008 - FIXED-LENGTH DATA ELEMENTS--GENERAL INFORMATION
fixed length control field 120330s1981 dcuab i000 0 eng
040 ## - CATALOGING SOURCE
Original cataloging agency NLI
Transcribing agency FOD
Description conventions AACR2
Language of cataloging eng
041 0# - LANGUAGE CODE
Language code of text/sound track or separate title eng
044 ## - COUNTRY OF PUBLISHING/PRODUCING ENTITY CODE
MARC country code dcu
082 04 - DEWEY DECIMAL CLASSIFICATION NUMBER
Classification number US 557.9429
Edition number 23rd ed.
Book number H 533((1981)
100 1# - MAIN ENTRY--PERSONAL NAME
Personal name Hietanen, Anna Martta,
Dates associated with a name 1909-
9 (RLIN) 667092
Linkage 880-01
245 10 - TITLE STATEMENT
Title Petrologic and structural studies in the northwestern Sierra Nevada, California
Linkage 880-02
260 ## - PUBLICATION, DISTRIBUTION, ETC.
Place of publication, distribution, etc. Washington :
Name of publisher, distributor, etc. United States Government Printing Office,
Date of publication, distribution, etc. 1981
300 ## - PHYSICAL DESCRIPTION
Extent 68 p. :
Other physical details ill., maps (some col.) ;
Dimensions 29 cm.
440 #0 - SERIES STATEMENT/ADDED ENTRY--TITLE
Title Geological Survey professional paper ;
Volume/sequential designation 1226-A-C
9 (RLIN) 419393
500 ## - GENERAL NOTE
General note Two folded col. maps in pocket
505 0# - FORMATTED CONTENTS NOTE
Formatted contents note Geology west of the Melones Fault between the Feather and north Yuba rivers, California / by Anna Hietanen -- The Feather River area as a part of the Sierra Nevada suture system in California / by Anna Hietanen -- Extension of Sierra Nevada-Klamath suture system into eastern Oregon and western Idaho / by Anna Hietane
650 #0 - SUBJECT ADDED ENTRY--TOPICAL TERM
Topical term or geographic name entry element Geology
Geographic subdivision California
9 (RLIN) 666462
650 #0 - SUBJECT ADDED ENTRY--TOPICAL TERM
Topical term or geographic name entry element Faults (Geology)
Geographic subdivision California
9 (RLIN) 669441
650 #0 - SUBJECT ADDED ENTRY--TOPICAL TERM
Topical term or geographic name entry element Faults (Geology)
Geographic subdivision Oregon
9 (RLIN) 669442
650 #0 - SUBJECT ADDED ENTRY--TOPICAL TERM
Topical term or geographic name entry element Faults (Geology)
Geographic subdivision Idaho
9 (RLIN) 669443
700 1# - ADDED ENTRY--PERSONAL NAME
Linkage 880-03
710 2# - ADDED ENTRY--CORPORATE NAME
Corporate name or jurisdiction name as entry element Geological Survey (U.S.)
9 (RLIN) 606127
852 ## - LOCATION
Location NAB
Shelving location FOD(Stack)
880 1# - ALTERNATE GRAPHIC REPRESENTATION
Linkage 100-01
887 ## - NON-MARC INFORMATION FIELD
Data Entry Operator Name / Verifier Name Sanjib Karmakar
942 ## - ADDED ENTRY ELEMENTS (KOHA)
Source of classification or shelving scheme Dewey Decimal Classification
Koha item type Books
Holdings
Withdrawn status Lost status Source of classification or shelving scheme Damaged status Not for loan Collection code Home library Current library Shelving location Date acquired Source of acquisition Full call number Barcode Date last seen Price effective from Koha item type
    Dewey Decimal Classification     American Documents National Library of India National Library of India Foreign Official Documents - American Documents 20/12/2024 Depository US 557.9429 H 533(1981) USX000075878ENG 03/06/2021 03/06/2021 Books
                                                                           
web counter

Copyright ©2020 The National Library of India, Govt. of India ↔ Hosted by NVLI, MOC ↔ Technology and Design by National Library of India, Ministry of Culture, Govt. of India